000 00249nam a2200097Ia 4500
001 1117399
005 20250827004105.0
008 250824s9999 xx 000 0 und d
245 0 _aGÜN OLUR ASRA BEDEL
_cCENGİZ AYTMATOV
260 _bKETEBE YAYINLARI
999 _c1117399
_d1117399